11 Letter Countries - Statistics

General Stats
  • This quiz has been taken 64 times
  • The average score is 6 of 11
Answer Stats
Answer % Correct
Afghanistan
79%
Philippines
77%
Switzerland
74%
Saudi Arabia
72%
South Africa
63%
Burkina Faso
56%
Netherlands
56%
Sierra Leone
49%
Vatican City
44%
Cote d'Ivoire
33%
Swaziland
26%
No matching quizzes found
Score Distribution
Percent of People with Each Score
Percentile by Number Answered
Your Score History
You have not taken this quiz